Estudios jeográficos sobre Chile: memorias relativas a varias cuestiones sometidas al Congreso Internacional de Ciencias Jeográficas de París, de 1875.

Furkejuvvon:
Bibliográfalaš dieđut
Váldodahkki: Barros Arana, Diego Jacinto Agustín
Eará dahkkit: Murillo, Adolfo Murillo, Adolphe (autor), Domeyko, Ignacio, Philippi, Rodulfo A., Díaz, Wenceslao
Materiálatiipa: Girji
Giella:espánnjágiella
Almmustuhtton: Santiago, Chile Imprenta Nacional 1875
Fáttát:
Fáddágilkorat: Lasit fáddágilkoriid
Eai fáddágilkorat, Lasit vuosttaš fáddágilkora!

MARC

LEADER 00000nam a2200000 a 4500
001 UCJ5033
003 CL-VaPUC
005 20241104111642.0
008 070124e18750000CL |||||||||||||||||spa|d
999 |c 321146  |d 321144 
040 |c Pontificia Universidad Católica de Valparaíso 
082 0 4 |a 918.3 BAR 1875  |2 21 
100 0 |a Barros Arana, Diego Jacinto Agustín  |9 509726 
245 1 0 |a Estudios jeográficos sobre Chile: memorias relativas a varias cuestiones sometidas al Congreso Internacional de Ciencias Jeográficas de París, de 1875. 
260 0 3 |a Santiago, Chile  |b Imprenta Nacional  |c 1875 
300 |a 126 páginas. 
500 |a p. 80, tres perfiles del relieve chileno 
583 |a last modification  |c 20190729 02:14:18  |k Rodrigo Vera 
650 0 |a Etnografía   |9 309735 
650 0 |a Aborígenes  |9 329972 
650 0 |a Araucanos  |9 314060 
650 7 |a CHANGOS  |2 CL-VaPUC  |9 504500 
650 0 |a Fueguinos  |9 417010 
650 7 |a SANIDAD  |2 CL-VaPUC  |9 354577 
650 0 |a Demografía   |9 260008 
650 0 |a Beneficencia  |9 255180 
650 7 |a PESTES  |2 CL-VaPUC  |9 447357 
650 0 |a Enfermedades  |9 263059 
650 0 |a Paleontología  |9 314794 
650 7 |a FLORA  |2 CL-VaPUC  |9 264745 
650 7 |a FAUNA  |2 CL-VaPUC  |9 349523 
651 7 |a CHILE  |2 CL-VaPUC  |9 509728 
700 |a Murillo, Adolfo  |e autor  |q Murillo, Adolphe  |9 514582 
700 |a Domeyko, Ignacio  |9 326006 
700 0 |a Philippi, Rodulfo A.  |9 509176 
700 0 |a Díaz, Wenceslao  |9 508135 
942 |c BK  |2 ddc 
945 |d 20070124 00:00:00  |a rinostro 
952 |0 0  |1 0  |2 ddc  |4 0  |6 918_300000000000000_BAR_1875  |7 0  |8 X  |9 399821  |a FDOBUD  |b FDOBUD  |d 2019-11-22  |i 1029088  |o 918.3 BAR 1875  |p 1029088  |r 2019-11-22  |t 1  |w 2019-11-22  |y BK_X  |k BUD